[Event "TUR Cup"]
[Site "Antalya"]
[Date "2020.01.30"]
[Round "8"]
[White "Aslanhan, Halis"]
[Black "Buke, Furkan"]
[Result "1/2-1/2"]
[WhiteElo "1774"]
[BlackElo "2041"]
[PlyCount "198"]
[EventDate "2020.01.26"]
[EventType "swiss"]
[EventRounds "11"]
[EventCountry "TUR"]
[SourceTitle "CBM 194 Extra"]
[Source "ChessBase"]
[SourceDate "2020.03.31"]
[SourceVersion "1"]
[SourceVersionDate "2020.03.31"]
[SourceQuality "1"]

1. e4 c5 2. Nc3 Nc6 3. g3 g6 4. Bg2 Bg7 5. f4 d6 6. Nf3 Nf6 7. 0-0 0-0 8. d3 Rb8 9. a4 a6 10. Re1 b5 11. Qe2 Bg4 12. Qf2 Bxf3 13. Bxf3 Nd4 14. Bd1 e6 15. Be3 b4 16. Bxd4 cxd4 17. Nb1 e5 18. fxe5 dxe5 19. Nd2 Ne8 20. Nc4 Nd6 21. b3 Nxc4 22. dxc4 Bh6 23. Qe2 Be3+ 24. Kh1 Qe7 25. Rf1 f6 26. Qg4 Rbd8 27. Be2 Kh8 28. Bd3 Qb7 29. Qf3 Rf7 30. h3 Rdf8 31. g4 a5 32. Rae1 Bf4 33. Re2 Qe7 34. Rg2 Re8 35. Kg1 Be3+ 36. Kh1 Kg7 37. Re1 Bf4 38. Kg1 Rh8 39. Kf1 Kf8 40. Ke2 Ke8 41. Kd1 Rg7 42. h4 Kd8 43. Rf1 Kc7 44. Rh1 Rhg8 45. Rhg1 h6 46. Ke2 Rh8 47. Kf1 Rgh7 48. h5 Rg7 49. Rh1 Rhg8 50. Be2 Kb6 51. Qd3 Kc5 52. Qf3 Qb7 53. hxg6 Rxg6 54. Rh5 Bg5 55. Qf5 Qc6 56. Qf3 Qd6 57. Qd3 Qd7 58. Qf3 R6g7 59. Bd3 Qe6 60. Be2 Be3 61. Rf5 Rg6 62. Qh3 Qd6 63. Qf3 Qe7 64. Qh3 Bg5 65. Qf3 Qg7 66. Qh3 Be3 67. Qf3 Rf8 68. Rh5 Rg5 69. Qh3 Qg6 70. Bf3 Rh8 71. Ke2 Bf4 72. Rg1 Qg7 73. Rh1 Rxh5 74. Qxh5 Bg5 75. Kd3 Kb6 76. Rf1 Kc5 77. Be2 Rf8 78. Rf5 Qf7 79. Qh2 Qe7 80. Qh5 Qf7 81. Qh2 Qg7 82. Qh5 Rh8 83. Bf3 Rg8 84. Be2 Qg6 85. Qh2 Re8 86. Rf1 Bf4 87. Qg1 Qg5 88. Qf2 Bc1 89. Bd1 Rg8 90. Rh1 Be3 91. Qf5 Qxf5 92. exf5 e4+ 93. Kxe4 Re8+ 94. Kd3 Bg5 95. Rh3 Re7 96. Be2 Re8 97. Rf3 Re7 98. Rh3 Re8 99. Rf3 Re7 1/2-1/2

[Event "Ankara Baskent Univ op 4th"]
[Site "Ankara"]
[Date "2019.06.18"]
[Round "3"]
[White "Buke, Furkan"]
[Black "Gunduz, Umut Erdem"]
[Result "0-1"]
[WhiteElo "1935"]
[BlackElo "2302"]
[PlyCount "132"]
[EventDate "2019.06.17"]
[EventType "swiss"]
[EventRounds "9"]
[EventCountry "TUR"]
[SourceTitle "CBM 191 Extra"]
[Source "ChessBase"]
[SourceDate "2019.09.30"]
[SourceVersion "1"]
[SourceVersionDate "2019.09.30"]
[SourceQuality "1"]

1. e4 d6 2. d4 Nf6 3. Nc3 e5 4. Nf3 Nbd7 5. Bc4 Be7 6. a4 0-0 7. 0-0 a5 8. Re1 c6 9. Ba2 Qc7 10. h3 exd4 11. Nxd4 Nc5 12. Qf3 Re8 13. Bf4 Ne6 14. Nxe6 Bxe6 15. Bxe6 fxe6 16. e5 dxe5 17. Bxe5 Qb6 18. Ne4 Rf8 19. Qg3 Nh5 20. Qg4 Rf5 21. Bc3 Raf8 22. Rad1 e5 23. Qe2 Nf4 24. Qe3 Qa6 25. Ng3 R5f7 26. Bxe5 Nd5 27. Qe2 Rxf2 28. Qxf2 Rxf2 29. Kxf2 Bc5+ 30. Bd4 Bxd4+ 31. Rxd4 Qb6 32. Red1 Qxb2 33. R1d2 Qc3 34. R4d3 Qc5+ 35. Rd4 Nf6 36. Kg1 b5 37. Kh1 Qa3 38. Nf5 bxa4 39. c4 Qc5 40. Rf4 a3 41. Rf3 h5 42. Ra2 Ne4 43. Ng3 Nd6 44. Raxa3 h4 45. Ne2 Qxc4 46. Nc3 Nb5 47. Nxb5 cxb5 48. Rac3 Qe4 49. Rc5 Qb1+ 50. Kh2 a4 51. Rff5 a3 52. Rxb5 a2 53. Rxb1 axb1Q 54. Rf3 Kh7 55. Re3 Kh6 56. Rc3 Qe4 57. Rf3 Qxf3 58. gxf3 Kg5 59. Kg2 Kf4 60. Kf2 g5 61. Ke2 Kg3 62. Ke3 Kxh3 63. Kf2 Kh2 64. f4 gxf4 65. Kf3 Kg1 66. Kxf4 h3 0-1

[Event "TUR Cup"]
[Site "Antalya"]
[Date "2019.02.03"]
[Round "11"]
[White "Gunduz, Umut Erdem"]
[Black "Buke, Furkan"]
[Result "1-0"]
[WhiteElo "2255"]
[BlackElo "2044"]
[PlyCount "51"]
[EventDate "2019.01.27"]
[EventType "swiss"]
[EventRounds "11"]
[EventCountry "TUR"]
[SourceTitle "CBM 188 Extra"]
[Source "ChessBase"]
[SourceDate "2019.02.26"]
[SourceVersion "1"]
[SourceVersionDate "2019.02.26"]
[SourceQuality "1"]

1. e4 c5 2. Nf3 d6 3. d4 cxd4 4. Nxd4 Nf6 5. f3 e6 6. c4 Be7 7. Nc3 0-0 8. Be3 Nc6 9. Nxc6 bxc6 10. e5 dxe5 11. Bd3 e4 12. Nxe4 Nxe4 13. Bxe4 Qa5+ 14. Bd2 Qc5 15. Qc2 f5 16. Bd3 Qe5+ 17. Be2 f4 18. 0-0 Bc5+ 19. Kh1 Qf6 20. Bd3 Qh4 21. Bc3 e5 22. Bxe5 Qh5 23. Qc3 Rf7 24. Be4 Bf5 25. Bxc6 Raf8 26. Bd5 1-0

[Event "TUR Cup"]
[Site "Antalya"]
[Date "2019.02.01"]
[Round "9"]
[White "Ozen, Bahadir"]
[Black "Buke, Furkan"]
[Result "1-0"]
[WhiteElo "2349"]
[BlackElo "2044"]
[PlyCount "46"]
[EventDate "2019.01.27"]
[EventType "swiss"]
[EventRounds "11"]
[EventCountry "TUR"]
[SourceTitle "CBM 188 Extra"]
[Source "ChessBase"]
[SourceDate "2019.02.26"]
[SourceVersion "1"]
[SourceVersionDate "2019.02.26"]
[SourceQuality "1"]

1. d4 Nf6 2. c4 e6 3. Nf3 b6 4. g3 Bb7 5. Bg2 Be7 6. 0-0 0-0 7. Nc3 Ne4 8. Bd2 Bf6 9. Qc2 Nxd2 10. Qxd2 d6 11. Rad1 Nd7 12. e4 g6 13. Rfe1 Bg7 14. d5 e5 15. h4 a5 16. h5 Nc5 17. Bh3 f5 18. hxg6 hxg6 19. Nh4 fxe4 20. Nxe4 Nxe4 21. Rxe4 Bc8 22. Bxc8 Qxc8 23. Nxg6 Rf6 1-0

[Event "TUR Cup"]
[Site "Antalya"]
[Date "2019.01.28"]
[Round "3"]
[White "Sevgi, Volkan"]
[Black "Buke, Furkan"]
[Result "1/2-1/2"]
[WhiteElo "2292"]
[BlackElo "2044"]
[PlyCount "126"]
[EventDate "2019.01.27"]
[EventType "swiss"]
[EventRounds "11"]
[EventCountry "TUR"]
[SourceTitle "CBM 188 Extra"]
[Source "ChessBase"]
[SourceDate "2019.02.26"]
[SourceVersion "1"]
[SourceVersionDate "2019.02.26"]
[SourceQuality "1"]

1. e4 c5 2. Nc3 Nc6 3. g3 g6 4. Bg2 Bg7 5. d3 d6 6. Be3 Rb8 7. Qd2 b5 8. f4 Bd7 9. Nf3 b4 10. Nd1 Nd4 11. 0-0 e6 12. Qf2 Nxf3+ 13. Bxf3 Ne7 14. d4 cxd4 15. Bxd4 Bxd4 16. Qxd4 Qb6 17. Qxb6 Rxb6 18. Ne3 Bb5 19. Rfd1 0-0 20. Rd4 e5 21. Rd2 f5 22. exf5 exf4 23. gxf4 Nxf5 24. Nd5 Nh4 25. Bh1 Rbb8 26. Re1 Kh8 27. Re6 Rbe8 28. Nc7 Rxe6 29. Nxe6 Re8 30. Rxd6 Nf5 31. Rd8 Rxd8 32. Nxd8 Nd4 33. Kf2 Nxc2 34. Be4 b3 35. axb3 Nd4 36. b4 Bd7 37. Ke3 Nb5 38. Bd3 Kg7 39. Bxb5 Bxb5 40. Kd4 Kf6 41. Nb7 h5 42. Nd6 Bf1 43. b5 Bh3 44. b4 h4 45. Kc5 Bd7 46. Nc4 Kf5 47. Ne5 Bc8 48. Kd6 Bb7 49. Nc6 Kxf4 50. Kc7 g5 51. Kxb7 g4 52. Kxa7 g3 53. hxg3+ hxg3 54. b6 g2 55. b7 g1Q+ 56. Ka8 Qa1+ 57. Na5 Qh1 58. Ka7 Qg1+ 59. Ka6 Qg6+ 60. Kb5 Qd3+ 61. Kb6 Qd4+ 62. Kc7 Qxb4 63. Nc6 Qxb7+ 1/2-1/2

[Event "Troya op 26th"]
[Site "Canakkale"]
[Date "2018.08.06"]
[Round "1"]
[White "Eminov, Orkhan"]
[Black "Buke, Furkan"]
[Result "1-0"]
[WhiteElo "2272"]
[BlackElo "1925"]
[PlyCount "99"]
[EventDate "2018.08.06"]
[EventType "swiss"]
[EventRounds "9"]
[EventCountry "TUR"]
[SourceTitle "CBM 185 Extra"]
[Source "ChessBase"]
[SourceDate "2018.07.29"]
[SourceVersion "1"]
[SourceVersionDate "2018.07.29"]
[SourceQuality "1"]

1. e4 c5 2. Nf3 d6 3. Bb5+ Bd7 4. c4 Nf6 5. Nc3 e6 6. 0-0 Be7 7. Bxd7+ Qxd7 8. d4 cxd4 9. Nxd4 Nc6 10. Be3 0-0 11. Rc1 a6 12. f3 Nxd4 13. Qxd4 b5 14. Rfd1 Qb7 15. b3 Rfd8 16. cxb5 axb5 17. Qb6 Rdb8 18. Qxb7 Rxb7 19. a4 bxa4 20. bxa4 Rb3 21. Bf4 d5 22. exd5 Nxd5 23. Nxd5 exd5 24. a5 Rb5 25. Bc7 h6 26. Rb1 Rxb1 27. Rxb1 Bd8 28. Bxd8 Rxd8 29. a6 Ra8 30. Ra1 Ra7 31. Kf2 Kf8 32. Ke3 Ke7 33. Kd4 Kd6 34. h4 g6 35. g4 f6 36. f4 Kc6 37. Re1 Kd6 38. f5 gxf5 39. gxf5 Rg7 40. Re6+ Kc7 41. Rxf6 Rg4+ 42. Kxd5 Rxh4 43. Rc6+ Kb8 44. f6 Rf4 45. Ke6 Re4+ 46. Kf5 Re1 47. f7 Ka7 48. Rf6 Rf1+ 49. Kg6 Rg1+ 50. Kh7 1-0

[Event "TUR-chT2"]
[Site "Konya"]
[Date "2018.07.14"]
[Round "8.5"]
[White "Buke, Furkan"]
[Black "Ozcan, Kadir Kutay"]
[Result "1-0"]
[WhiteElo "1857"]
[BlackElo "1820"]
[PlyCount "99"]
[EventDate "2018.07.10"]
[EventType "team-swiss"]
[EventRounds "9"]
[EventCountry "TUR"]
[SourceTitle "EXT 2019"]
[Source "ChessBase"]
[SourceDate "2018.10.10"]
[SourceVersion "1"]
[SourceVersionDate "2018.10.10"]
[SourceQuality "1"]
[WhiteTeam "Bursa Uludag"]
[BlackTeam "Mercan Egitim"]
[WhiteTeamCountry "TUR"]
[BlackTeamCountry "TUR"]

1. e4 d6 2. d4 Nf6 3. Nc3 e5 4. Nf3 Nbd7 5. Bc4 Be7 6. a4 a5 7. Ng5 0-0 8. Bxf7+ Rxf7 9. Ne6 Qe8 10. Nxc7 Qd8 11. Nxa8 b6 12. Nb5 Bb7 13. Nac7 Nxe4 14. 0-0 exd4 15. Ne6 Qa8 16. f3 Nec5 17. Nexd4 Ne5 18. Qe2 Qc8 19. Be3 Ng6 20. b3 h5 21. c3 h4 22. h3 Ne5 23. f4 Ned7 24. Qg4 Ne4 25. Nf5 Nef6 26. Qg6 Qe8 27. Nh6+ Kf8 28. Qxf7+ Qxf7 29. Nxf7 Kxf7 30. Rad1 Ne4 31. b4 Ng3 32. Nxd6+ Bxd6 33. Rxd6 Ke7 34. Rfd1 Nf6 35. Rxf6 gxf6 36. Bxb6 Ne2+ 37. Kf2 Nxc3 38. Re1+ Ne4+ 39. Ke3 axb4 40. Kd4 b3 41. a5 f5 42. Re3 Bd5 43. Kxd5 b2 44. Rb3 Nc3+ 45. Ke5 b1Q 46. Rxb1 Nxb1 47. a6 Nd2 48. Kd5 Ne4 49. a7 Nf6+ 50. Kc6 1-0

[Event "Manavgat Turkey Cup"]
[Site "Manavgat"]
[Date "2016.02.01"]
[Round "4"]
[White "Dogan, Sevval"]
[Black "Buke, Furkan"]
[Result "1-0"]
[WhiteElo "1839"]
[BlackElo "1523"]
[PlyCount "95"]
[EventDate "2016.01.30"]
[EventType "swiss"]
[EventRounds "11"]
[EventCountry "TUR"]
[SourceTitle "CBM 170 Extra"]
[Source "ChessBase"]
[SourceDate "2016.02.25"]
[SourceVersion "1"]
[SourceVersionDate "2016.02.25"]
[SourceQuality "1"]

1. e4 g6 2. d4 Bg7 3. Nc3 a6 4. Be3 b5 5. Bd3 Bb7 6. a3 d6 7. Qd2 Nd7 8. f4 Rc8 9. Nf3 c5 10. d5 Ngf6 11. h3 c4 12. Be2 Nc5 13. Bxc5 Rxc5 14. Nd4 Rc8 15. 0-0 Qb6 16. Rad1 Nd7 17. Kh2 0-0 18. Bg4 Rc7 19. Qf2 Nc5 20. h4 Nd3 21. cxd3 Bxd4 22. Qg3 cxd3 23. Rxd3 Bc8 24. h5 Bxg4 25. Qxg4 Bxc3 26. bxc3 Kg7 27. Rh3 Qb8 28. Qh4 Rh8 29. f5 Qd8 30. h6+ Kf8 31. fxg6 hxg6 32. h7 Ke8 33. Qh6 Kd7 34. Rxf7 Rc8 35. Qxg6 Kc7 36. Qe6 Re8 37. Rg3 Qd7 38. Qxd7+ Kxd7 39. Rfg7 Rh8 40. Kh3 Rc4 41. Re3 Ra4 42. Kg4 Rc4 43. Kg5 Rcc8 44. Kh6 Rcf8 45. Rf3 Rc8 46. Rfg3 Rcf8 47. Rg8 Rf6+ 48. Kg7 1-0

[Event "Manavgat Turkey Cup"]
[Site "Manavgat"]
[Date "2016.01.30"]
[Round "1"]
[White "Buke, Furkan"]
[Black "Ozen, Batuhan"]
[Result "0-1"]
[WhiteElo "1523"]
[BlackElo "1921"]
[PlyCount "92"]
[EventDate "2016.01.30"]
[EventType "swiss"]
[EventRounds "11"]
[EventCountry "TUR"]
[SourceTitle "CBM 170 Extra"]
[Source "ChessBase"]
[SourceDate "2016.02.25"]
[SourceVersion "1"]
[SourceVersionDate "2016.02.25"]
[SourceQuality "1"]

1. e4 c5 2. d4 cxd4 3. c3 d3 4. c4 Nc6 5. Nf3 g6 6. Bxd3 Bg7 7. 0-0 Nf6 8. Nc3 0-0 9. h3 d6 10. Qe2 Nd7 11. Be3 Nc5 12. Rfd1 b6 13. Rac1 Nxd3 14. Qxd3 Bb7 15. b3 Rc8 16. Qd2 Re8 17. Nd4 Qc7 18. Nxc6 Bxc6 19. Nd5 Qb7 20. f3 Bxd5 21. Qxd5 Qb8 22. Rd3 a6 23. Rd2 b5 24. Rdc2 e6 25. Qd3 Bf8 26. cxb5 Rxc2 27. Rxc2 axb5 28. Bf2 d5 29. Rc1 b4 30. exd5 Rd8 31. Qc2 Rxd5 32. Rd1 Ra5 33. Qd2 Ra8 34. Qc2 Qb7 35. Qe2 Bg7 36. Be1 Qb6+ 37. Bf2 Qa5 38. Be1 Rc8 39. Qe4 Bf8 40. Qb7 Rc2 41. Qb8 Qc5+ 42. Kh2 Re2 43. Qd8 Rxa2 44. Qd4 Qc7+ 45. Kh1 Qc2 46. Rd2 Qxb3 0-1